000 00450nam a2200181Ia 4500
001 10609
005 20260306161844.0
008 260306t2015||||xx |||||||||||||| ||spa||
041 _aESP
082 _a944.04
_bM526
100 _aMcphee, Peter
_eAUT
245 0 _aLa revolución francesa, 1789 - 1799:
_buna nueva historia
260 _c2015
300 _a274 pƔginas :
_c19 cm.
650 _aGEN
654 _aCHU
942 _cLIB
_dJUS
_fJUS
_2ddc
_n
999 _c10609
_d10609